|
|
|
|
| LEADER |
00000naa2a2200000 4500 |
| 001 |
592687 |
| 005 |
20231101131725.0 |
| 035 |
|
|
|a (RuTPU)RU\TPU\tpu\5072
|
| 090 |
|
|
|a 592687
|
| 100 |
|
|
|a 20011210a1967 k y0rusy50 ca
|
| 101 |
0 |
|
|a rus
|
| 102 |
|
|
|a RU
|
| 200 |
1 |
|
|a Способ вычисления статистических характеристик полей высокоэнергетического электромагнитного излучения
|f В. А. Воробьев, Г. П. Тарасов
|
| 461 |
|
0 |
|0 (RuTPU)RU\TPU\prd\191
|x 0021-3411
|t Известия вузов. Физика
|l Russian Physics Journal
|d 1958-2017, 2020-
|
| 463 |
|
0 |
|0 (RuTPU)RU\TPU\prd\76680
|t № 12
|v С. 130-131
|d 1967
|
| 610 |
1 |
|
|a физика
|
| 610 |
1 |
|
|a высокоэнергетическое излучение
|
| 610 |
1 |
|
|a электромагнитное излучение
|
| 610 |
1 |
|
|a поля
|
| 610 |
1 |
|
|a статистические характеристики
|
| 610 |
1 |
|
|a труды учёных ТПУ
|
| 700 |
|
1 |
|a Воробьев
|b В. А.
|c физик
|c выпускник ФТФ Томского политехнического института 1960 г.
|c сын ректора ТПИ А. А. Воробьева
|f 1936-
|g Владимир Александрович
|2 stltpush
|3 (RuTPU)RU\TPU\pers\29256
|
| 701 |
|
1 |
|a Тарасов
|b Г. П.
|
| 801 |
|
0 |
|a RU
|b 63413507
|c 20011210
|g PSBO
|
| 801 |
|
2 |
|a RU
|b 63413507
|c 20220729
|g PSBO
|
| 942 |
|
|
|c BK
|